<?xml version="1.0" encoding="UTF-8"?>
<record
    xmlns:xsi="http://www.w3.org/2001/XMLSchema-instance"
    xsi:schemaLocation="http://www.loc.gov/MARC21/slim http://www.loc.gov/standards/marcxml/schema/MARC21slim.xsd"
    xmlns="http://www.loc.gov/MARC21/slim">

  <leader>03122nam a2200433 a 4500</leader>
  <controlfield tag="001">00003856</controlfield>
  <controlfield tag="003">DO-SdBNP</controlfield>
  <controlfield tag="005">20180309130847.0</controlfield>
  <controlfield tag="007">00003856</controlfield>
  <controlfield tag="008">091125s2012    dr a          000 0 spa d</controlfield>
  <datafield tag="020" ind1=" " ind2=" ">
    <subfield code="a">9789945117424 </subfield>
  </datafield>
  <datafield tag="040" ind1=" " ind2=" ">
    <subfield code="a">BPMSU</subfield>
    <subfield code="b">spa</subfield>
    <subfield code="c">BPMSU</subfield>
  </datafield>
  <datafield tag="082" ind1="0" ind2="4">
    <subfield code="a">372.63</subfield>
    <subfield code="b">J61o      5to.      2012</subfield>
  </datafield>
  <datafield tag="100" ind1="1" ind2=" ">
    <subfield code="a">Ariza Jim&#xE9;nez Malena, Martha</subfield>
  </datafield>
  <datafield tag="245" ind1="1" ind2="0">
    <subfield code="a">Ortograf&#xED;a 5  :</subfield>
    <subfield code="b">educaci&#xF3;n b&#xE1;sica /</subfield>
    <subfield code="c">Martha Ariza Jim&#xE9;nez Malena ; editora Mar&#xED;a Isabel Inch&#xE1;ustegui ; direcci&#xF3;n editorial Obdulia Garc&#xED;a de Escobar ; ilustraci&#xF3;n Ruddy N&#xFA;&#xF1;ez.</subfield>
  </datafield>
  <datafield tag="260" ind1=" " ind2=" ">
    <subfield code="a">Santo Domingo :</subfield>
    <subfield code="b">Santillana,</subfield>
    <subfield code="c">2012.</subfield>
  </datafield>
  <datafield tag="300" ind1=" " ind2=" ">
    <subfield code="a">55 p. </subfield>
    <subfield code="b">il. ;</subfield>
    <subfield code="c">28 cm.</subfield>
  </datafield>
  <datafield tag="490" ind1="1" ind2=" ">
    <subfield code="a">Innova</subfield>
  </datafield>
  <datafield tag="505" ind1="0" ind2=" ">
    <subfield code="g">v. 5</subfield>
    <subfield code="g">unidad 1 --</subfield>
    <subfield code="t">Ortograf&#xED;a: El uso de la b --</subfield>
    <subfield code="t">Partici&#xF3;n de palabras --</subfield>
    <subfield code="t">Puntuaci&#xF3;n: El uso del punto y aparte --</subfield>
    <subfield code="g">Unidad 2 --</subfield>
    <subfield code="t">Ortograf&#xED;a: El uso de la v --</subfield>
    <subfield code="t">Acentuaci&#xF3;n: La tilde en las s&#xED;labas t&#xF3;nicas --</subfield>
    <subfield code="t">Puntuaci&#xF3;n: El uso del punto y coma --</subfield>
    <subfield code="g">Unidad 3 --</subfield>
    <subfield code="t">Ortograf&#xED;a: El uso de la z --</subfield>
    <subfield code="t">Partici&#xF3;n de palabras --</subfield>
    <subfield code="t">Puntuaci&#xF3;n: El uso de la coma --</subfield>
    <subfield code="g">Unidad 4 --</subfield>
    <subfield code="t">Ortograf&#xED;a: El uso de la y --</subfield>
    <subfield code="t">Puntuaci&#xF3;n: El uso de los dos puntos --</subfield>
    <subfield code="g">Unidad 5 --</subfield>
    <subfield code="t">Ortograf&#xED;a: El uso de la h --</subfield>
    <subfield code="t">Acentuaci&#xF3;n: Las palabras llanas --</subfield>
    <subfield code="t">Puntuaci&#xF3;n: El uso de los puntos suspensivos --</subfield>
    <subfield code="g">Unidad 6 --</subfield>
    <subfield code="t">Ortograf&#xED;a: El uso de la g --</subfield>
    <subfield code="t">Acentuaci&#xF3;n: Las palabras esdr&#xFA;julas --</subfield>
    <subfield code="t">Puntuaci&#xF3;n: El uso del par&#xE9;ntesis --</subfield>
    <subfield code="g">Unidad 7 --</subfield>
    <subfield code="t">Ortograf&#xED;a: El uso de la j --</subfield>
    <subfield code="t">Acentuaci&#xF3;n: Repaso --</subfield>
    <subfield code="t">Puntuaci&#xF3;n: El uso de los signos de interrogaci&#xF3;n --</subfield>
    <subfield code="g">Unidad 8 --</subfield>
    <subfield code="t">Ortograf&#xED;a: El uso de la s y de la x --</subfield>
    <subfield code="t">Acentuaci&#xF3;n: Los hiatos --</subfield>
    <subfield code="g">Unidad 9 --</subfield>
    <subfield code="t">Ortograf&#xED;a: El uso de la cc y de la ct --</subfield>
    <subfield code="t">Acentuaci&#xF3;n: Diptongos e hiatos --</subfield>
    <subfield code="g">Unidad 10 --</subfield>
    <subfield code="t">Producci&#xF3;n escrita: Escribir textos expositivos --</subfield>
    <subfield code="t">Producci&#xF3;n escrita: Escribir anuncios --</subfield>
    <subfield code="g">Unidad 11 --</subfield>
    <subfield code="t">Producci&#xF3;n escrita: Escribir secuencias temporales --</subfield>
    <subfield code="t">Producci&#xF3;n escrita: Escribir noticias --</subfield>
    <subfield code="g">Unidad 12 --</subfield>
    <subfield code="t">Producci&#xF3;n escrita: Escribir historietas --</subfield>
    <subfield code="t">Producci&#xF3;n escrita: Escribir descripciones de lugares --</subfield>
    <subfield code="g">Unidad 13 --</subfield>
    <subfield code="t">Producci&#xF3;n escrita: Rellenar fichas --</subfield>
    <subfield code="t">Producci&#xF3;n escrita: Escribir an&#xE9;cdotas --</subfield>
  </datafield>
  <datafield tag="650" ind1=" " ind2="4">
    <subfield code="a">ESPA&#xD1;OL</subfield>
    <subfield code="x">ORTOGRAF&#xCD;A</subfield>
    <subfield code="x">ENSE&#xD1;ANZA B&#xC1;SICA</subfield>
  </datafield>
  <datafield tag="650" ind1=" " ind2="4">
    <subfield code="a">ESPA&#xD1;OL</subfield>
    <subfield code="x">ORTOGRAF&#xCD;A</subfield>
    <subfield code="x">EDUCACI&#xD3;N PRIMARIA</subfield>
  </datafield>
  <datafield tag="650" ind1=" " ind2="4">
    <subfield code="a">ESPA&#xD1;OL</subfield>
    <subfield code="x">ORTOGRAF&#xCD;A</subfield>
    <subfield code="x">ESTUDIOS Y EJERCICIOS</subfield>
  </datafield>
  <datafield tag="650" ind1=" " ind2="4">
    <subfield code="a">ESPA&#xD1;OL </subfield>
    <subfield code="x">ORTOGRF&#xCD;A</subfield>
    <subfield code="x">LIBROS DE TEXTOS</subfield>
  </datafield>
  <datafield tag="650" ind1=" " ind2="4">
    <subfield code="a">EDUCACI&#xD3;N PRIMARIA</subfield>
    <subfield code="z">REP&#xDA;BLICA DOMINICANA</subfield>
  </datafield>
  <datafield tag="700" ind1="1" ind2=" ">
    <subfield code="a">Inch&#xE1;ustegui, Mar&#xED;a Isabel, </subfield>
    <subfield code="e">ed.</subfield>
  </datafield>
  <datafield tag="700" ind1="1" ind2=" ">
    <subfield code="a">N&#xFA;&#xF1;ez, Ruddy,</subfield>
    <subfield code="e">il.</subfield>
  </datafield>
  <datafield tag="700" ind1="1" ind2=" ">
    <subfield code="a">Garc&#xED;a de Escobar, Obdulia, </subfield>
    <subfield code="e">ed.</subfield>
  </datafield>
  <datafield tag="830" ind1=" " ind2="0">
    <subfield code="a">Innova</subfield>
  </datafield>
  <datafield tag="910" ind1=" " ind2=" ">
    <subfield code="a">Validado. Control de calidad MFF</subfield>
  </datafield>
  <datafield tag="930" ind1=" " ind2="1">
    <subfield code="l">BND01</subfield>
    <subfield code="m">LF1</subfield>
    <subfield code="8">20091130</subfield>
    <subfield code="f">01</subfield>
    <subfield code="p">HD</subfield>
    <subfield code="g">8732</subfield>
  </datafield>
  <datafield tag="930" ind1=" " ind2="1">
    <subfield code="l">BND01</subfield>
    <subfield code="m">LF1</subfield>
    <subfield code="8">20091130</subfield>
    <subfield code="f">01</subfield>
    <subfield code="p">HD</subfield>
    <subfield code="g">8732</subfield>
    <subfield code="h">v. 2</subfield>
  </datafield>
  <datafield tag="930" ind1=" " ind2="1">
    <subfield code="l">BND01</subfield>
    <subfield code="m">LF1</subfield>
    <subfield code="8">20091130</subfield>
    <subfield code="f">04</subfield>
    <subfield code="p">HD</subfield>
    <subfield code="g">8733</subfield>
    <subfield code="h">v. 3</subfield>
  </datafield>
  <datafield tag="930" ind1=" " ind2="1">
    <subfield code="l">BND01</subfield>
    <subfield code="m">LF1</subfield>
    <subfield code="8">20091204</subfield>
    <subfield code="f">01</subfield>
    <subfield code="p">HD</subfield>
    <subfield code="g">8733</subfield>
    <subfield code="h">v. 4</subfield>
  </datafield>
  <datafield tag="930" ind1=" " ind2="1">
    <subfield code="l">BND01</subfield>
    <subfield code="m">LF1</subfield>
    <subfield code="8">20091204</subfield>
    <subfield code="f">01</subfield>
    <subfield code="p">HD</subfield>
    <subfield code="g">8733</subfield>
    <subfield code="h">v. 5</subfield>
  </datafield>
  <datafield tag="930" ind1=" " ind2="1">
    <subfield code="l">BND01</subfield>
    <subfield code="m">LF1</subfield>
    <subfield code="8">20091204</subfield>
    <subfield code="f">04</subfield>
    <subfield code="p">HD</subfield>
    <subfield code="g">8733</subfield>
    <subfield code="h">v. 6</subfield>
  </datafield>
  <datafield tag="942" ind1=" " ind2=" ">
    <subfield code="2">ddc</subfield>
    <subfield code="c">BK</subfield>
  </datafield>
  <datafield tag="945" ind1=" " ind2=" ">
    <subfield code="a">Remanejado para la Bib. BNPHU, 2018/ YL</subfield>
  </datafield>
  <datafield tag="952" ind1=" " ind2=" ">
    <subfield code="0">0</subfield>
    <subfield code="1">0</subfield>
    <subfield code="2">ddc</subfield>
    <subfield code="4">0</subfield>
    <subfield code="7">0</subfield>
    <subfield code="8">CE</subfield>
    <subfield code="a">BPMET</subfield>
    <subfield code="b">BPMET</subfield>
    <subfield code="d">2016-04-13</subfield>
    <subfield code="e">Donaci&#xF3;n</subfield>
    <subfield code="l">0</subfield>
    <subfield code="o">372.63       J61o      5to.      2012</subfield>
    <subfield code="p">BPMSU16040388</subfield>
    <subfield code="r">2016-04-13</subfield>
    <subfield code="w">2016-04-13</subfield>
    <subfield code="y">BK</subfield>
  </datafield>
  <datafield tag="952" ind1=" " ind2=" ">
    <subfield code="0">0</subfield>
    <subfield code="1">0</subfield>
    <subfield code="2">ddc</subfield>
    <subfield code="4">0</subfield>
    <subfield code="7">0</subfield>
    <subfield code="8">CE</subfield>
    <subfield code="a">BPMET</subfield>
    <subfield code="b">BPMET</subfield>
    <subfield code="d">2016-04-14</subfield>
    <subfield code="e">Donaci&#xF3;n</subfield>
    <subfield code="l">0</subfield>
    <subfield code="o">372.63    J61o      5to.      2012</subfield>
    <subfield code="p">BPMSU040428</subfield>
    <subfield code="r">2016-04-14</subfield>
    <subfield code="t">ej. 2</subfield>
    <subfield code="w">2016-04-14</subfield>
    <subfield code="y">BK</subfield>
  </datafield>
  <datafield tag="956" ind1=" " ind2=" ">
    <subfield code="a">LOPEREZ</subfield>
    <subfield code="b">10</subfield>
    <subfield code="c">20160413</subfield>
    <subfield code="l">BPMSU</subfield>
    <subfield code="h">00041</subfield>
  </datafield>
  <datafield tag="999" ind1=" " ind2=" ">
    <subfield code="c">9737</subfield>
    <subfield code="d">9737</subfield>
  </datafield>
</record>
